Remote sensing of the atmosphere for environmental security

Saved in:
Bibliographic Details
Corporate Authors: NATO Advanced Research Workshop on Remote Sensing of the Atmosphere for Environmental Security Rabat, Morocco, NATO Programme for Security through Science, NATO Advanced Research Workshop on Remote Sensing of the Atmosphere for Environmental Security
Other Authors: Perrin, Agnes (edtf), Ben Sari-Zizi, Najate, Demaison, J. (Jean) (Editor)
Format: Conference Proceeding Book
Language:English
Published: Dordrecht : Springer, c2006
Series:NATO security through science series. Environmental security.
Subjects:
Tags: Add Tag
No Tags, Be the first to tag this record!

MARC

LEADER 00000cam a2200000 i 4500
001 1/54272
008 070907s2006 eng d
020 |a 978-1-4020-5088-6 (hbk.) 
020 |a 1-4020-5088-7 (hbk.) 
035 |l 10090527 
040 |a GR-MY-UA  |b gre  |e aacr 
041 0 |a eng 
082 0 |a 551.511  |2 (22) 
111 2 |a NATO Advanced Research Workshop on Remote Sensing of the Atmosphere for Environmental Security   |d (2005 :   |c Rabat, Morocco) 
245 1 0 |a Remote sensing of the atmosphere for environmental security /  |c edited by Agnes Perrin, Najate Ben Sari-Zizi and Jean Demaison 
260 |a Dordrecht :   |b Springer,   |c c2006 
300 |a xi, 353 σ.;  |b διαγρ., εικ. (μερ. έγχρ.), χάρτες;  |c 24 εκ. 
490 1 |a NATO Security through Science Series. Environmental Security  |v ; Series C 
500 |a Proceedings of the NATO Advanced Research Workshop on Remote Sensing of the Atmosphere for Environmental Security (Rabat, Morocco, 16-19 November 2005) 
500 |a Published in cooperation with NATO Public Diplomacy Division 
504 |a Περιέχει βιβλιογραφικές αναφορές και ευρετήριο 
650 0 0 |a Atmospheric chemistry  |x Remote sensing  |x Congresses. 
650 0 0 |a Atmospheric chemistry  |x Measurement  |x Congresses. 
650 0 0 |a Atmospheric chemistry  |x Environmental aspects  |x Congresses. 
650 0 0 |a Air  |x Pollution  |x Remote sensing  |x Congresses. 
650 0 0 |a Air  |x Pollution  |x Measurement  |x Congresses. 
700 1 |a Perrin, Agnes,  |e edtf 
700 1 |a Ben Sari-Zizi, Najate. 
700 1 |a Demaison, J.   |q (Jean)  |e edt 
710 2 |a NATO Programme for Security through Science. 
711 2 |a NATO Advanced Research Workshop on Remote Sensing of the Atmosphere for Environmental Security   |d (2005 :   |c Rabat, Morocco) 
830 0 |a NATO security through science series.   |n Series C,   |p Environmental security. 
852 |a INST  |b LESVOS  |e 20070907  |h 551.511 REM  |p 005100039140  |q 005100039140  |t BK  |y 0 
901 |a BIBL1-2007-3 
909 |a Λ  |b 138877 
922 |a 1ΕΛΗ  |b 200708  |c ΕΠΕΑΕΚ2/ΤΓ  |d ΠΑΠΑΣΩΤΗΡΙΟΥ 
970 |a ΒΑΡΚΑ  |b ΕΛΕΥΘΕΡΙΑ  |z 2007/09/07